000 00403nam a2200169Ia 4500
001 2214
003 IN-NITTTR
005 20251114232927.0
008 251113s9999||||xx |||||||||||||| ||eng||
040 _beng
040 _cIN-NITTTR
041 _aeng
082 _a621.3888 S77T
100 _aSpreadbury, E. A. W.
245 0 _aTelevision receiver servicing. /
_cSpreadbury, E. A. W.
942 _2ddc
_cBK
999 _c3321
_d3321